Proceedings of the 15th EAI International Conference on Mobile and Ubiquitous Systems: Computing, Networking and Services

গ্রন্থ-পঞ্জীর বিবরন
বিন্যাস: বৈদ্যুতিক গ্রন্থ
ভাষা:English
প্রকাশিত: Association for Computing Machinery (ACM), 11/5/18
বিষয়গুলি:
অনলাইন ব্যবহার করুন:Full text available on Research4Life (ACM)
Classic Catalogue: View this record in Classic Catalogue
LEADER 00892cam a2200169 a 4500
001 AALConferenceProceedingsResearch4Life(ACM)006342
008 240908c9999 xx r poo 0 0eng d
020 |a 9781450360937 
040 |a BD-DhAAL  |c BD-DhAAL 
245 0 0 |h [electronic resource]  |a Proceedings of the 15th EAI International Conference on Mobile and Ubiquitous Systems: Computing, Networking and Services 
260 1 |b Association for Computing Machinery (ACM),  |c 11/5/18 
300 |a 1 online resource 
500 |a <strong>On-Campus Access Only (IP based access)</strong> 
506 |a Electronic access restricted to authorized BRAC University faculty, staff and students 
538 |a Mode of access: Internet 
655 7 |a Conference papers and proceedings.  |2 Library of Congress 
856 4 0 |z Full text available on Research4Life (ACM)  |u https://login.research4life.org/tacsgr1dl_acm_org/doi/book/10.1145/3286978